Online
Catalog

Holguín Marte : (Record no. 49071)

MARC details
000 -CABECERA
campo de control de longitud fija 01229nam a2200301 a 4500
001 - NÚMERO DE CONTROL
campo de control
003 - IDENTIFICADOR DEL NÚMERO DE CONTROL
campo de control OSt
005 - FECHA Y HORA DE LA ÚLTIMA TRANSACCIÓN
campo de control 20260319120018.0
008 - DATOS DE LONGITUD FIJA--INFORMACIÓN GENERAL
campo de control de longitud fija 081112s2020 dr o 000 0 spa d
020 ## - NÚMERO INTERNACIONAL ESTÁNDAR DEL LIBRO
Número Internacional Estándar del Libro 9789945617191
040 ## - FUENTE DE LA CATALOGACIÓN
Centro catalogador/agencia de origen DO-SdBNP
Lengua de catalogación spa
Centro/agencia transcriptor BNPHU
082 ## - NÚMERO DE LA CLASIFICACIÓN DECIMAL DEWEY
Número de clasificación 923.597293
Número de documento/Ítem M375p
100 ## - ENTRADA PRINCIPAL--NOMBRE DE PERSONA
Nombre de persona Pichardo, Alodia
9 (RLIN) 77148
245 10 - MENCIÓN DE TÍTULO
Título Holguín Marte :
Resto del título El héroe de El Guineal /
Mención de responsabilidad, etc. Alodia Pichardo
260 ## - PUBLICACIÓN, DISTRIBUCIÓN, ETC.
Lugar de publicación, distribución, etc. Santo Domingo :
Nombre del editor, distribuidor, etc. Santuario,
Fecha de publicación, distribución, etc. 2020
300 ## - DESCRIPCIÓN FÍSICA
Extensión 135 p. :
Otras características físicas il., retrs. ;
Dimensiones 23 cm.
500 ## - NOTA GENERAL
Nota general ncluye datos biográficos del autora en la solapa de la cubierta
500 ## - NOTA GENERAL
Nota general Incluye referencias bibliográficas y notas al pie de las páginas
590 ## - NOTA LOCAL (RLIN)
Nota local Inventariado, 2020/VM
600 14 - PUNTO DE ACCESO ADICIONAL DE MATERIA--NOMBRE DE PERSONA
Nombre de persona Holguin Marte, Ramón Euclides
Fechas asociadas al nombre 1946-1973
Subdivisión de forma Homenajes
9 (RLIN) 77149
610 14 - PUNTO DE ACCESO ADICIONAL DE MATERIA--NOMBRE DE ENTIDAD CORPORATIVA
Nombre de entidad corporativa o nombre de jurisdicción como elemento de entrada Centro Comunal Ramón Holguin Marte
Subdivisión geográfica San Pedro de Macorís (República Dominicana)
9 (RLIN) 77150
650 #4 - PUNTO DE ACCESO ADICIONAL DE MATERIA--TÉRMINO DE MATERIA
Término de materia o nombre geográfico como elemento de entrada Mártires
Término de materia que sigue a un nombre geográfico como elemento de entrada
9 (RLIN) 1435
Subdivisión general Homenajes póstumos.
Subdivisión geográfica Republica Dominicana
650 #0 - PUNTO DE ACCESO ADICIONAL DE MATERIA--TÉRMINO DE MATERIA
Término de materia o nombre geográfico como elemento de entrada Preservación del patrimonio histórico
Subdivisión general Biografías
9 (RLIN) 1436
651 #0 - PUNTO DE ACCESO ADICIONAL DE MATERIA--NOMBRE GEOGRÁFICO
Nombre geográfico Santiago de los Caballeros (Republica Dominicana)
Subdivisión cronológica Revolución 1965
9 (RLIN) 8269
700 1# - PUNTO DE ACCESO ADICIONAL--NOMBRE DE PERSONA
Nombre de persona Lantigua, José Rafael,
Fechas asociadas al nombre 1949-
9 (RLIN) 1438
910 ## - DATOS DE OPCIÓN DEL USUARIO (OCLC)
Datos de opción del usuario VMateo
942 ## - ELEMENTOS DE PUNTO DE ACCESO ADICIONAL (KOHA)
Fuente del sistema de clasificación o colocación Dewey Decimal Classification
Tipo de ítem Koha Libro
Holdings
Estado de retiro Estado de pérdida Fuente del sistema de clasificación o colocación Restricciones de uso No para préstamo Localización permanente Ubicación/localización actual Fecha de adquisición Fuente de adquisición Total de préstamos Signatura topográfica completa Código de barras Fecha visto por última vez Precio válido a partir de Tipo de ítem Koha Número de copia
    Dewey Decimal Classification Excluido de préstamo Excluido de préstamo Biblioteca Nacional Pedro Henríquez Ureña Patrimonio Dominicano 05.11.2020 Editora Búho   BNPHU PD 923.597293 M375p 2020-0406 05.11.2020 05.11.2020 Libro  
    Dewey Decimal Classification Excluido de préstamo Préstamo restrigido Biblioteca Nacional Pedro Henríquez Ureña Patrimonio Dominicano 05.11.2020 Editora Búho   BNPHU PD 923.597293 M375p 2020-0407 05.11.2020 05.11.2020 Libro e.2
    Dewey Decimal Classification Préstamo en sala   Biblioteca Nacional Pedro Henríquez Ureña Patrimonio Dominicano 05.11.2020 Editora Búho   BNPHU DS 923.597293 M375p   05.11.2020 05.11.2020 Libro e.3

Powered by Koha